[Event "WJun Women"]
[Site "Athens GRE"]
[Date "2001.08.19"]
[Round "4"]
[White "Sergeeva,M"]
[Black "Hryhorenko,N"]
[Result "0-1"]
[WhiteElo "2327"]
[BlackElo "2128"]

1.e4 e6 2.d4 d5 3.Nc3 Bb4 4.e5 Qd7 5.a3 Bxc3+ 6.bxc3 b6 7.Qg4 f5 8.Qg3 Ba6
9.Bxa6 Nxa6 10.a4 Nb8 11.Ne2 Nc6 12.Nf4 O-O-O 13.Ba3 g6 14.O-O Nge7 15.Qh4 Rhe8
16.Rfb1 Na5 17.Qxh7 g5 18.Nh5 Rh8 19.Qf7 Nec6 20.Qxd7+ Rxd7 21.Nf6 Rg7 22.Re1 Nc4
23.Bc1 Rg6 24.h3 Ne7 25.Kf1 f4 26.Ba3 Nf5 27.Ke2 Kb7 28.Ng4 Rg7 29.Rg1 Rf7
30.f3 Ng3+ 31.Kf2 a5 32.Rgd1 Kc6 33.Bc1 Kb7 34.Rb1 Ka6 35.Bd2 Na3 36.Rb3 Nc4
37.Be1 Rfh7 38.Kg1 Nf5 39.Bf2 Ka7 40.Kf1 Ka6 41.Ke2 Ka7 42.Rg1 Ka6 43.Rbb1 Ka7
44.Nh2 Ka6 45.Nf1 c6 46.Nd2 Nxd2 47.Kxd2 b5 48.Rb2 Rb7 49.Ra1 Rhb8 50.Rba2 b4
51.Kd3 bxc3 52.Kxc3 Rb1 53.Ra3 R8b7 54.Kd2 Ka7 55.Rxb1 Rxb1 56.Rc3 Kb6 57.Rb3+ Rxb3
58.cxb3 Nh4 59.Bxh4 gxh4 60.Kc2 c5 61.Kc3 cxd4+ 62.Kxd4 Kc6 63.Kd3 Kc5 64.Kc3 d4+
65.Kd3 Kd5 66.b4 axb4 67.a5 b3  0-1

[Event "I American Continental"]
[Site "Cali COL"]
[Date "2001.08.19"]
[Round "10"]
[White "Renteria,J"]
[Black "Rodriguez,And URU"]
[Result "0-1"]
[WhiteElo "2277"]
[BlackElo "2504"]

1.e4 e6 2.d4 d5 3.Nc3 Bb4 4.e5 Ne7 5.a3 Bxc3+ 6.bxc3 b6 7.Qg4 Ng6 8.h4 h5
9.Qg3 Ba6 10.Bd3 Bxd3 11.cxd3 c5 12.Ne2 Nc6 13.Bg5 Qd7 14.a4 Rc8 15.O-O Na5
16.Rfb1 cxd4 17.cxd4 Rc2 18.Qe3 Ne7 19.Bxe7 Qxe7 20.g3 Kd7 21.Rc1 Rhc8 22.Rxc2 Rxc2
23.Qf3 g6 24.Rc1 Rxc1+ 25.Nxc1 Ke8 26.Qd1 Qb4 27.Ne2 Nb3 28.Kg2 Qxa4  0-1

[Event "VI Cup IM"]
[Site "Paks HUN"]
[Date "2001.08.22"]
[Round "5"]
[White "Resika,N"]
[Black "Koskela,N"]
[Result "1-0"]
[WhiteElo "2203"]
[BlackElo "2250"]

1.e4 e6 2.d4 d5 3.Nc3 Bb4 4.e5 b6 5.a3 Bf8 6.Bb5+ Bd7 7.Bd3 c5 8.f4 Nc6 9.Nf3 Nge7
10.Nb5 Ng6 11.h4 a6 12.Nd6+ Bxd6 13.exd6 Nxd4 14.Nxd4 cxd4 15.h5 Nf8 16.Qe2 Bc8
17.h6 Qf6 18.g4 gxh6 19.f5 Qd8 20.Bf4 f6 21.O-O-O Kf7 22.Rde1 Qe8 23.Rxh6 e5
24.Rxf6+ Kxf6 25.Bxe5+ Kf7 26.Bxh8 Qxe2 27.Rxe2 Ra7 28.Bxd4 Rd7 29.Bxb6 Rxd6
30.Bc5 Rd7 31.g5 Rc7 32.Bd6 Rd7 33.Bb4 Rc7 34.Rh2 Kg8 35.Bc3 Nd7 36.g6 Nc5
37.Kd2 Nxd3 38.f6 Bf5 39.f7+ Kf8 40.gxh7 Bxh7 41.Rxh7  1-0

[Event "Rubinstein Open"]
[Site "Polanica Zdroj POL"]
[Date "2001.08.23"]
[Round "8"]
[White "Sharapov,E"]
[Black "Vysochin,S"]
[Result "0-1"]
[WhiteElo "2403"]
[BlackElo "2542"]

1.e4 e6 2.d4 d5 3.Nc3 Bb4 4.e5 Ne7 5.a3 Bxc3+ 6.bxc3 c5 7.Nf3 b6 8.a4 Ba6
9.Bxa6 Nxa6 10.Qe2 Nb8 11.O-O O-O 12.dxc5 Nd7 13.c4 Nxc5 14.a5 bxa5 15.cxd5 Nxd5
16.Qb5 Qb6 17.Qxa5 Rfc8 18.c4 Nb3 19.Qxb6 Nxb6 20.Ra3 Nxc1  0-1

[Event "Open"]
[Site "Feffernitz AUT"]
[Date "2001.08.24"]
[Round "7"]
[White "Kountz,J"]
[Black "Farago,I"]
[Result "1-0"]
[WhiteElo "2349"]
[BlackElo "2504"]

1.e4 e6 2.d4 d5 3.Nc3 Bb4 4.e5 Ne7 5.a3 Bxc3+ 6.bxc3 c5 7.Qg4 O-O 8.Bd3 Nbc6
9.Bg5 Qa5 10.Ne2 Ng6 11.O-O Qa4 12.f4 c4 13.Bxg6 fxg6 14.Ra2 Bd7 15.h4 Rf5
16.h5 gxh5 17.Qxh5 Raf8 18.g4 R5f7 19.Kg2 Ne7 20.Rh1 h6 21.Bxe7 Rxe7 22.Qh4 Ref7
23.g5 Rf5 24.gxh6 g5 25.h7+ Kh8 26.Qh6 gxf4 27.Kf2 Be8 28.Rg1 Qd7 29.Rg8+ Rxg8
30.hxg8=Q+ Kxg8 31.Ra1 Qh7 32.Qxe6+ Kf8 33.Qd6+ Qe7 34.Qh6+ Qg7 35.Qd6+ Qe7
36.Qh6+ Qg7 37.Qxg7+ Kxg7 38.Rg1+ Kf8 39.Rg4 Ba4 40.Rxf4 Bxc2 41.Rxf5+ Bxf5
42.Nf4 Be4 43.Ne6+ Ke7 44.Nc5 Bf5 45.Nxb7 Bc2 46.Ke3 Bd1 47.Nc5 Bc2 48.Kf4 Bb1
49.Na6 Be4 50.a4 Bc2 51.a5 Ba4 52.e6 Kd6 53.Kf5 Be8 54.Kf6 Bh5 55.Nc5 Be8
56.Nb7+ Kc7 57.Ke7  1-0

[Event "TCh-YUG"]
[Site "Herceg Novi YUG"]
[Date "2001.09.03"]
[Round "1"]
[White "Lekic,D"]
[Black "Drasko,M"]
[Result "1/2-1/2"]
[WhiteElo "2394"]
[BlackElo "2509"]

1.e4 e6 2.d4 d5 3.Nc3 Bb4 4.e5 Ne7 5.a3 Bxc3+ 6.bxc3 c5 7.a4 Qc7 8.Nf3 b6
9.Bb5+ Bd7 10.Bd3 Nbc6 11.O-O O-O 12.Ba3 Na5 13.Nd2 Rac8 14.Nb3 Nxb3 15.cxb3 a5
16.Rc1 f6 17.c4 fxe5 18.dxc5 Rf7  1/2-1/2

[Event "TCh-CRO"]
[Site "Pula CRO"]
[Date "2001.09.15"]
[Round "6"]
[White "Zelcic,R"]
[Black "Bukal,V"]
[Result "1-0"]
[WhiteElo "2534"]
[BlackElo "2441"]

1.e4 e6 2.d4 d5 3.Nc3 Bb4 4.e5 Ne7 5.Nf3 c5 6.dxc5 Nbc6 7.Bd3 Ng6 8.O-O Bxc5
9.Bxg6 fxg6 10.Bg5 Qc7 11.Nb5 Qb8 12.c4 O-O 13.cxd5 Nxe5 14.d6 Nxf3+ 15.gxf3 Bd7
16.Nc7 b6 17.Rc1 Rf5 18.Be7 a5 19.Re1 Ra7 20.Nxe6 Qb7 21.Qb3 Kh8 22.Nxc5 bxc5
23.Qxb7 Rxb7 24.Re2 Kg8 25.h4 Rb4 26.Rc3 a4 27.b3 h6 28.Re4 Rd4 29.bxa4 Bxa4
30.Kg2 Bd7 31.Rb3 Bc6 32.Ree3 c4 33.Rb6 Ba4 34.Ra3 Be8 35.Rb8 Kf7 36.Ra7 Bc6
37.Bg5+ Ke6 38.Re7+ Kxd6 39.Rd8+ Kc5 40.Be3 Rd5 41.Rc8 Kd6 42.Rxg7 Bd7 43.Rd8 Kc7
44.Rdxd7+  1-0

[Event "TCh-FIN 2001-02"]
[Site "FIN"]
[Date "2001.09.22"]
[Round "1"]
[White "Fieandt,J"]
[Black "Eskola,R"]
[Result "0-1"]
[WhiteElo "2189"]
[BlackElo "2152"]

1.e4 e6 2.d4 d5 3.Nc3 Bb4 4.e5 Qd7 5.Bd2 b6 6.Qg4 Bf8 7.Bb5 c6 8.Ba4 a5 9.Bb3 Ba6
10.a4 Ne7 11.Nge2 c5 12.dxc5 bxc5 13.Nb5 Nec6 14.Qg3 c4 15.Ba2 Bxb5 16.axb5 Nb4
17.Bb1 Qxb5 18.O-O N4c6 19.Bc3 Qb6 20.Rd1 g6 21.Qf4 Bg7 22.h4 O-O 23.Ba2 a4
24.b3 axb3 25.cxb3 cxb3 26.Rdb1 Qc7 27.Bxb3 Rxa1 28.Bxa1 Bxe5 29.Qc1 Bxa1
30.Rxa1 Qe5 31.Ng3 Nd4 32.Ba4 Qxg3 33.fxg3 Ne2+ 34.Kf2 Nxc1 35.Rxc1 Rd8 36.Bb5 Nd7
37.g4 Ne5 38.Kg3 Nc4 39.Rd1 Rb8 40.Bd7 Rb2 41.Re1 Kf8 42.h5 g5 43.Bc6 Nd2
44.Kh3 Ne4 45.h6 Rb3+ 46.Kh2 Nf6  0-1

[Event "ch-POL w"]
[Site "Brzeg Dolny POL"]
[Date "2001.10.02"]
[Round "8"]
[White "Dworakowska,J"]
[Black "Socko,M"]
[Result "1-0"]
[WhiteElo "2350"]
[BlackElo "2389"]

1.e4 e6 2.d4 d5 3.Nc3 Bb4 4.e5 Ne7 5.a3 Bxc3+ 6.bxc3 c5 7.Qg4 Kf8 8.Bd2 Qc7
9.Bd3 b6 10.Nh3 Ba6 11.O-O Bxd3 12.cxd3 Nbc6 13.Nf4 Qd7 14.Nh5 Nf5 15.a4 h6
16.a5 Nxa5 17.Rfb1 c4 18.Bc1 g6 19.Ba3+ Ne7 20.Nf6 Qd8 21.Bd6 Nb7 22.Bxe7+ Qxe7
23.dxc4 dxc4 24.Rxb6 axb6 25.Rxa8+ Kg7 26.Rxh8 Kxh8 27.Qf4 Kg7 28.Qxh6+ Kxh6
29.Ng8+ Kg7 30.Nxe7 Na5 31.Kf1 b5 32.Ke2 f6 33.Kd2 g5 34.exf6+ Kxf6 35.Nc8 e5
36.dxe5+ Kxe5 37.Ne7 Nb3+ 38.Ke3 b4 39.Nc6+ Kf5 40.Nxb4 Ke5 41.Nc6+ Kd5 42.Nd4 Nc5
43.h3 Ne4 44.Ne2 Ke5 45.g3 Nf6 46.f4+ gxf4+ 47.Nxf4 Nd7 48.g4 Nf6 49.Ng2 Ne4
50.h4 Nf6 51.Kf3 Nd5 52.g5 Kf5  1-0

[Event "Chigorin Mem Open"]
[Site "St Petersburg RUS"]
[Date "2001.10.02"]
[Round "8"]
[White "Klimov,S"]
[Black "Slavina,I"]
[Result "0-1"]
[WhiteElo "2452"]
[BlackElo "2346"]

1.e4 e6 2.d4 d5 3.Nc3 Bb4 4.e5 Qd7 5.Nf3 b6 6.a3 Bxc3+ 7.bxc3 Ba6 8.Bxa6 Nxa6
9.a4 Nb8 10.a5 Nc6 11.axb6 cxb6 12.O-O Na5 13.Qd3 Ne7 14.Ng5 h6 15.Nh3 Rc8
16.Nf4 g6 17.g4 Qc7 18.Ne2 Qc4 19.Qf3 Qc7 20.h3 Nc4 21.Qd3 Rd8 22.Ng3 Kd7
23.f4 Kc8 24.f5 gxf5 25.gxf5 Rdg8 26.fxe6 fxe6 27.Rf7 Kb8 28.Kh2 Qd8 29.Rf6 h5
30.h4 Nc6 31.Bg5 Qe8 32.Ne2 Nd8 33.Nf4 Rf8 34.Ng6 Rxf6 35.exf6 Rg8 36.Ne7 Rf8
37.Rf1 a5 38.Bh6 Rf7 39.Qf3 Ka7 40.Rg1 Qa4 41.Rg2 Qa1 42.Rg8 Qe1 43.Bg5 Nb7
44.Nc6+ Ka6 45.Rg7 Nbd6 46.Nd8 Rf8 47.f7 Nf5 48.Rg8 Nxh4 49.Bxh4 Qxh4+ 50.Kg2 Qxd8
51.Rxf8 Qxf8 52.Qf6 Nd6 53.Qxe6 Nxf7 54.Qxd5 h4 55.c4 h3+ 56.Kxh3 Qh6+ 57.Kg4 Qg5+
58.Qxg5 Nxg5 59.Kxg5 a4 60.d5 Kb7  0-1

[Event "TCh-BUL"]
[Site "Pamporovo BUL"]
[Date "2001.10.04"]
[Round "2"]
[White "Simeonov,S"]
[Black "Mollov,E"]
[Result "1-0"]
[WhiteElo "2337"]
[BlackElo "2437"]

1.e4 e6 2.d4 d5 3.Nc3 Bb4 4.e5 b6 5.a3 Bf8 6.Nf3 Ba6 7.Ne2 Ne7 8.g3 c5 9.c3 Nbc6
10.h4 Qd7 11.Bh3 Rc8 12.O-O cxd4 13.cxd4 Nf5 14.Bxf5 exf5 15.Re1 Bxe2 16.Qxe2 Be7
17.Bg5 O-O 18.e6 fxe6 19.Bxe7 Qxe7 20.Qxe6+ Qxe6 21.Rxe6 Rfe8 22.Rae1 Kf8
23.h5 Re7 24.Kg2 Rcc7 25.Ng5 h6 26.Nf3 Kf7 27.Rd6 Rxe1 28.Nxe1 Ke7 29.Rg6 Nxd4
30.Rxg7+ Kd8 31.Rg6 Rc6 32.Nf3 Rxg6 33.hxg6 Ne6 34.Nd4 Ng7 35.Kf3 Ke7 36.Nc6+ Kf6
37.Nxa7 Ne6 38.Nc8 b5 39.Nd6 Nc7 40.Nxf5 Kxg6 41.Kf4 Ne6+ 42.Ke5 Nc5 43.Kxd5 Nd3
44.Nh4+ Kg5 45.f3 Nxb2 46.Kc5 Nd1 47.Kxb5 Nc3+ 48.Kc4 Ne2 49.a4 Nxg3 50.a5 Nh5
51.a6 Nf6 52.a7 Nd7 53.Kb5  1-0

[Event "1st Chess Week"]
[Site "Winterthur SUI"]
[Date "2001.10.11"]
[Round "7"]
[White "Fierz,M"]
[Black "Huss,A"]
[Result "1-0"]
[WhiteElo "2223"]
[BlackElo "2344"]

1.e4 e6 2.d4 d5 3.Nc3 Bb4 4.e5 Qd7 5.a3 Bxc3+ 6.bxc3 b6 7.Qg4 f5 8.Qg3 Bb7
9.Nh3 Nc6 10.Nf4 O-O-O 11.a4 Na5 12.Bd3 Qf7 13.Qg5 Ne7 14.Ba3 Rhe8 15.g4 fxg4
16.Qxg4 Ng8 17.Bxh7 g5 18.Nxe6 Rxe6 19.Bf5 Re8 20.f4 Nh6 21.Bxe6+ Rxe6 22.Qxg5 Nc4
23.Rg1 Qh7 24.f5 Qxf5 25.Qxf5 Nxf5 26.Bc1 c5 27.Rg5 Nfe3 28.Bxe3 Nxe3 29.Kf2 Nxc2
30.Ra2 cxd4 31.Rxc2 d3 32.Rd2 Ba6 33.h4 Kd7 34.h5 Re7 35.Ke3 Ke6 36.Kd4 Rf7
37.Rg6+ Ke7 38.Rg4 Bc8 39.Rh4 Bf5 40.h6 Ke6 41.h7 Bxh7 42.Rh6+ Ke7 43.Kxd5 Rg7
44.a5 Bg8+ 45.Kc6 Bc4 46.axb6 axb6 47.Kxb6 Rg5 48.Kc5 Rg4 49.Rb2 Bg8 50.Rb7+ Ke8
51.Kd6 d2 52.Rb8+ Kf7 53.Rf6+ Kg7 54.Rb7+  1-0

[Event "TCh-BEL 2001-2"]
[Site "Belgium BEL"]
[Date "2001.10.14"]
[Round "1"]
[White "Filipek,J"]
[Black "Schumacher,H"]
[Result "1-0"]
[WhiteElo "2371"]
[BlackElo "2176"]

1.e4 e6 2.d4 d5 3.Nc3 Bb4 4.e5 Ne7 5.a3 Bxc3+ 6.bxc3 c5 7.Qg4 Qc7 8.Qxg7 Rg8
9.Qxh7 cxd4 10.Ne2 Nbc6 11.f4 Bd7 12.Qd3 dxc3 13.Qxc3 O-O-O 14.Bd2 Kb8 15.Rb1 Nf5
16.g3 Rc8 17.Bg2 Ka8 18.O-O Qb8 19.Qd3 Nce7 20.Rb2 Bc6 21.Rfb1 Rg7 22.Be1 Rh8
23.Bf2 Rgh7 24.g4 Nh4 25.Nd4 Nxg2 26.Nxc6 Nxc6 27.Rxb7 Qxb7 28.Rxb7 Kxb7
29.Qb5+ Kc7 30.Bc5 Nxf4 31.Bd6+ Kd8 32.Qxc6 f5 33.Qa8+ Kd7 34.Qxa7+ Ke8 35.Qa4+  1-0

[Event "6th Wichern Open"]
[Site "Hamburg GER"]
[Date "2001.10.20"]
[Round "8"]
[White "Struk,J"]
[Black "Voigt,Ma"]
[Result "1-0"]
[WhiteElo "2254"]
[BlackElo "2300"]

1.e4 e6 2.d4 d5 3.Nc3 Bb4 4.e5 Qd7 5.a3 Bxc3+ 6.bxc3 b6 7.Nf3 Ba6 8.Bd3 Ne7
9.a4 h6 10.Ba3 O-O 11.h4 Rc8 12.Bxa6 Nxa6 13.Qd3 Nb8 14.Ng5 hxg5 15.Bxe7 Qxe7
16.hxg5 Qd7 17.Qh7+ Kf8 18.Qh8+ Ke7 19.Qxg7 Qe8 20.Rh7 Nd7 21.g6 Qf8 22.Qxf7+ Qxf7
23.Rxf7+ Ke8 24.Kd2 Nf8 25.Rg7 Nxg6 26.Rxg6 Kd7 27.Rh1 Rh8 28.Rg7+ Kc6 29.Rhh7 Rxh7
30.Rxh7 Rg8 31.Rh6 Kd7 32.Rh7+ Kc6 33.Re7 Rg6 34.g4 a5 35.f3 Kb7 36.c4 Kc6
37.Kc3 Rh6 38.g5 Rh3 39.Rxe6+ Kd7 40.Rf6  1-0

[Event "Sportland NRW Cup"]
[Site "Senden GER"]
[Date "2001.10.21"]
[Round "9"]
[White "Fontaine,R"]
[Black "Goreskul,A"]
[Result "1-0"]
[WhiteElo "2482"]
[BlackElo "2180"]

1.e4 e6 2.d4 d5 3.Nc3 Bb4 4.e5 Ne7 5.Bd2 b6 6.Nf3 h6 7.Ne2 Bxd2+ 8.Qxd2 Nf5
9.h4 h5 10.g3 Nc6 11.Nf4 Nce7 12.c3 a5 13.Ng5 g6 14.Bd3 c5 15.Bxf5 Nxf5 16.O-O O-O
17.Kh2 Qd7 18.dxc5 bxc5 19.Rg1 Qe7 20.Rae1 Bd7 21.f3 Rab8 22.Qf2 Kg7 23.g4 hxg4
24.fxg4 Nh6 25.Qc2 Be8 26.Nh5+ Kh8 27.Nf6 Kg7 28.Rg2 Rh8 29.Reg1 Ng8 30.Rf1 Rb7
31.Nh5+ Kf8 32.Qxg6 f6 33.exf6 Bxg6 34.fxe7+ Kxe7 35.Nf4 Be8 36.h5 Nf6 37.Re1 Rb6
38.Nfxe6 Kd6 39.Ng7 Kc7 40.Nxe8+ Rxe8 41.Rxe8 Nxe8 42.Nf7 Nf6 43.h6 Nh7 44.g5 Rg6
45.Rf2 Nf8 46.Ne5  1-0

[Event "WYG16"]
[Site "Oropesa del Mar ESP"]
[Date "2001.10.25"]
[Round "5"]
[White "Lujan,C"]
[Black "Hryhorenko,N"]
[Result "0-1"]
[WhiteElo "2271"]
[BlackElo "2280"]

1.e4 e6 2.d4 d5 3.Nc3 Bb4 4.e5 Qd7 5.Qg4 f5 6.Qg3 b6 7.Nh3 Ba6 8.Bxa6 Nxa6
9.Nf4 O-O-O 10.h4 Nb8 11.Bd2 Nc6 12.O-O-O Nxd4 13.Ncxd5 Qxd5 14.Bxb4 Qxa2
15.Qa3 Qxa3 16.Bxa3 Nh6 17.c3 Nc6 18.Nxe6 Rde8 19.Nxg7 Rxe5 20.Nh5 Ng4 21.Rhe1 Rhe8
22.Nf4 Re4 23.Nd3 Re2 24.Rd2  0-1

[Event "October Training"]
[Site "Singapore SIN"]
[Date "2001.10.27"]
[Round "7"]
[White "Tay,J"]
[Black "Koh Kum Hong"]
[Result "1-0"]
[WhiteElo "2184"]
[BlackElo "2258"]

1.e4 e6 2.d4 d5 3.Nc3 Bb4 4.e5 Ne7 5.Nf3 c5 6.a3 Bxc3+ 7.bxc3 Qa5 8.Bd2 Nbc6
9.Rb1 c4 10.h4 f6 11.h5 fxe5 12.dxe5 O-O 13.g3 b6 14.Bg2 Bd7 15.O-O Rae8
16.Re1 Rc8 17.Qc1 Nd8 18.Nd4 Nb7 19.f4 Nc5 20.g4 Nc6 21.f5 Nxd4 22.cxd4 c3
23.Bg5 Ne4 24.Bxe4 dxe4 25.f6 e3 26.Qxe3 Bc6 27.Re2 Qd5 28.Rh2 Bb7 29.Rf1 Rc4
30.Rf4 Qb5 31.Kf2 Qa4 32.Kg3 Qd7 33.Rhf2 Rf7 34.fxg7 Rxf4 35.Qxf4 Qxg7 36.Bh6  1-0

[Event "WYG18"]
[Site "Oropesa del Mar ESP"]
[Date "2001.10.28"]
[Round "7"]
[White "Richards,H"]
[Black "Szymanska,M"]
[Result "1/2-1/2"]
[WhiteElo "2212"]
[BlackElo "2170"]

1.e4 e6 2.d4 d5 3.Nc3 Bb4 4.e5 Ne7 5.f4 c5 6.Bd2 Nf5 7.Nf3 cxd4 8.Nb5 Bc5
9.b4 Bb6 10.Bd3 Bd7 11.g4 Ne3 12.Nd6+ Kf8 13.Qe2 Qc7 14.c3 Nc4 15.Bxc4 dxc4
16.f5 d3 17.Qe4 Bc6 18.Qf4 Bxf3 19.f6 h6 20.Qxf3 g6 21.a4 a5 22.b5 Nd7 23.Qf4 g5
24.Qxc4 Nxe5 25.Qxc7 Bxc7 26.Nxb7 Nxg4 27.c4 Be5 28.Ra3 Nxf6 29.Rxd3 Ne4
30.c5 Ke7 31.c6 f5 32.Bxa5 Rxa5 33.Nxa5 Bc3+ 34.Rxc3 Nxc3 35.b6 Nxa4 36.b7 Kd6
37.O-O Nb6 38.Rc1 Kc7 39.Nb3 e5 40.Nc5 Kxc6 41.b8=Q Rxb8 42.Na6+ Kb7 43.Nxb8 Kxb8
44.Rc6 Nd7 45.Rxh6 g4 46.Rg6 Kc7 47.Rg5 Kd6 48.Rxf5 Ke6 49.Rg5 Nf6 50.Kf1 Kd5
51.Ke2 Ke4 52.Rg6 Kf5 53.Rg7 Nh5 54.Rg8 Nf6 55.Rf8 Kg5 56.Ke3 Kf5 57.Rd8 Kg5
58.Ra8 Kf5 59.Ra5 Nh5 60.Ra1 g3 61.Rf1+ Ke6 62.hxg3  1/2-1/2

[Event "Chigorin Mem Open"]
[Site "St Petersburg RUS"]
[Date "2001.10.29"]
[Round "4"]
[White "Shaposhnikov,E"]
[Black "Borisenko,An"]
[Result "1/2-1/2"]
[WhiteElo "2542"]
[BlackElo "2328"]

1.e4 e6 2.d4 d5 3.Nc3 Bb4 4.e5 Ne7 5.a3 Bxc3+ 6.bxc3 b6 7.Qg4 Kf8 8.Nf3 Ba6
9.Bxa6 Nxa6 10.O-O Nb8 11.Ng5 h6 12.Nh3 Nbc6 13.Nf4 g6 14.Rd1 Ke8 15.a4 Na5
16.Ba3 Nc4 17.Bxe7 Qxe7 18.h4 c6 19.h5 g5 20.Nd3 Kd7 21.Qe2 Rhg8 22.f3 a5
23.Rab1 Kc7 24.Rb3 Rab8 25.Rdb1 f5 26.exf6 Qxf6 27.Ne5 Nxe5 28.dxe5 Qf4 29.Qf2 Qxa4
30.Rxb6 d4 31.R6b3 Qc4 32.f4 Rxb3 33.Rxb3 Rf8 34.g3 gxf4 35.gxf4 Rg8+ 36.Kh2 a4
37.Rb4 Qxc3 38.Rxd4 Rd8 39.Rxd8 Kxd8 40.Qb6+ Kc8 41.Qa6+ Kc7 42.Qa7+ Kc8
43.Qa8+ Kc7 44.Qa7+  1/2-1/2

[Event "Jonsson Mem Open"]
[Site "Reykjavik ISL"]
[Date "2001.11.01"]
[Round "9"]
[White "Ulfarsson,M"]
[Black "Thorarinsson,P"]
[Result "1-0"]
[WhiteElo "2298"]
[BlackElo "2202"]

1.e4 e6 2.d4 d5 3.Nc3 Bb4 4.e5 Qd7 5.a3 Bxc3+ 6.bxc3 b6 7.Qg4 f5 8.Qg3 Ba6
9.Bxa6 Nxa6 10.Ne2 Nb8 11.O-O Nc6 12.a4 Na5 13.Nf4 O-O-O 14.Nh5 g6 15.Nf6 Qf7
16.Qd3 Nxf6 17.Qa6+ Kd7 18.exf6 Qxf6 19.Bf4 Nc4 20.a5 g5 21.Bxc7 Kxc7 22.Qxa7+ Kd6
23.axb6 Qe7 24.Qa4 e5 25.dxe5+ Ke6 26.Qc6+ Nd6 27.Rfe1 Kf7 28.Ra7 Rhe8 29.Rxe7+ Rxe7
30.Qxd5+  1-0

[Event "TCh-FIN 2001-02"]
[Site "FIN"]
[Date "2001.11.17"]
[Round "4"]
[White "Tolonen,M"]
[Black "Nivala,T"]
[Result "1/2-1/2"]
[WhiteElo "2227"]
[BlackElo "2180"]

1.e4 e6 2.d4 d5 3.Nc3 Bb4 4.e5 Qd7 5.Bd2 b6 6.Bb5 c6 7.Ba4 Ba6 8.Nce2 Bf8
9.Nf3 Ne7 10.O-O h5 11.Re1 Bxe2 12.Qxe2 Nf5 13.c3 Be7 14.h3 h4 15.Bf4 Qc7
16.Qd2 Nd7 17.Bc2 g6 18.Bg5 Bxg5 19.Qxg5 Qd8 20.Bxf5 Qxg5 21.Nxg5 gxf5 22.a4 a6
23.Kh2 Ke7 24.Re2 c5 25.Nf3 Rac8 26.Ra2 Nf8 27.b4 c4 28.Ra1 Ng6 29.g3 Rcg8
30.a5 b5 31.Rg1 hxg3+ 32.fxg3 Rh6 33.Rf1 Rgh8 34.Ng1 Nf8 35.Ref2 R6h7 36.Kg2 Nd7
37.h4 f6 38.Re1 fxe5 39.dxe5 Nb8 40.Nh3 Rg7  1/2-1/2

[Event "TCh-FIN 2001-02"]
[Site "FIN"]
[Date "2001.11.18"]
[Round "5"]
[White "Tolonen,M"]
[Black "Raaste,E"]
[Result "1-0"]
[WhiteElo "2227"]
[BlackElo "2327"]

1.e4 e6 2.d4 d5 3.Nc3 Bb4 4.e5 Ne7 5.Bd2 c5 6.Nb5 Bxd2+ 7.Qxd2 O-O 8.dxc5 Nd7
9.f4 Nxc5 10.Bd3 Qb6 11.O-O-O Ng6 12.g3 f6 13.exf6 Rxf6 14.Nf3 e5 15.Nxe5 Nxe5
16.fxe5 Rf2 17.Qc3 Bd7 18.Nd6 Na4 19.Qb3 Qe3+ 20.Kb1 Qxe5 21.Be4 Nb6 22.Bxd5+ Nxd5
23.Rxd5 Qe6 24.Ne4 Rf7 25.Ng5 Qc6 26.Rhd1  1-0

[Event "FSGMA December"]
[Site "Budapest HUN"]
[Date "2001.12.05"]
[Round "5"]
[White "Horvath,Ad"]
[Black "Berkes,F"]
[Result "0-1"]
[WhiteElo "2490"]
[BlackElo "2541"]

1.e4 e6 2.d4 d5 3.Nc3 Bb4 4.e5 Ne7 5.a3 Bxc3+ 6.bxc3 c5 7.h4 Nbc6 8.h5 h6
9.Qg4 Rg8 10.Bd3 Nf5 11.Nf3 Qa5 12.Bd2 Qa4 13.Qf4 c4 14.Bxf5 exf5 15.Ra2 Be6
16.Ke2 O-O-O 17.Nh4 Ne7 18.Rb1 Rh8 19.Qh2 g5 20.hxg6 fxg6 21.f4 Rdg8 22.Nf3 g5
23.g3 Qe8 24.Rab2 b6 25.Rh1 gxf4 26.Bxf4 Ng6 27.Bxh6 f4 28.gxf4 Ne7  0-1

[Event "It"]
[Site "Lvov UKR"]
[Date "2001.12.26"]
[Round "9"]
[White "Volokitin,A"]
[Black "Firman,N"]
[Result "0-1"]
[WhiteElo "2566"]
[BlackElo "2494"]

1.e4 e6 2.d4 d5 3.Nc3 Bb4 4.e5 Ne7 5.a3 Bxc3+ 6.bxc3 c5 7.Qg4 Qc7 8.Qxg7 Rg8
9.Qxh7 cxd4 10.Ne2 dxc3 11.f4 Bd7 12.Qd3 Nf5 13.Rg1 Qb6 14.g4 Nc6 15.Qxc3 Nfd4
16.Rg3 Rc8 17.Bb2 Nb4 18.Nxd4 Rxc3 19.Bxc3 Na2 20.Bd2 Qxd4 21.Rxa2 a6 22.Be3 Qc3+
23.Bd2 Qd4 24.Be3 Qe4 25.Bd3 Qh1+ 26.Bg1 Rh8 27.c3 Bb5 28.Bxb5+ axb5 29.Rag2 Kd7
30.f5 Ra8 31.f6 Rxa3 32.g5 Rxc3 33.Kf2 Rxg3 34.Kxg3 b4 35.Kh3 b3 36.g6 fxg6
37.f7 Ke7 38.Rf2 Kf8 39.Rf1 d4 40.Kg3 b2 41.Rb1 Qc6 42.Bxd4 Qc2 43.Rxb2 Qd3+  0-1

[Event "Christmas Open"]
[Site "Zurich SUI"]
[Date "2001.12.26"]
[Round "1"]
[White "Lekic,D"]
[Black "Akermann,T"]
[Result "1-0"]
[WhiteElo "2401"]
[BlackElo "2136"]

1.e4 e6 2.d4 d5 3.Nc3 Bb4 4.e5 Ne7 5.a3 Bxc3+ 6.bxc3 c5 7.Nf3 Bd7 8.a4 Nbc6
9.Bb5 Qa5 10.Bd2 c4 11.O-O f6 12.Re1 fxe5 13.Nxe5 Nxe5 14.Rxe5 O-O-O 15.Bxd7+ Kxd7
16.Qe2 Qa6 17.Re1 Ng6 18.Rxe6 Qxa4 19.Rxg6 Rde8  1-0

[Event "19th Cairnhill Open"]
[Site "Singapore SIN"]
[Date "2001.12.28"]
[Round "5"]
[White "Tan Chor Chuan"]
[Black "Koh Kum Hong"]
[Result "1/2-1/2"]
[WhiteElo "2149"]
[BlackElo "2258"]

1.e4 e6 2.d4 d5 3.Nc3 Bb4 4.e5 Ne7 5.a3 Bxc3+ 6.bxc3 c5 7.Qg4 Qc7 8.Qxg7 Rg8
9.Qxh7 cxd4 10.Ne2 Nbc6 11.f4 Bd7 12.Qd3 dxc3 13.h3 Rc8 14.Rb1 Na5 15.Be3 Nc4
16.Rb3 Nf5 17.Bf2 a6 18.g4 Ne7 19.Bd4 Ba4 20.Rxc3 Qa5 21.Kf2 Bb5 22.Qh7 Kd7
23.f5 Rcf8 24.Nf4 Nd2 25.Bxb5+ axb5 26.Ke2 Ne4 27.Rd3 Qa4 28.Rc1 Rc8 29.c3 Ng5
30.Qh6 Qxa3 31.Rcd1 Rc6 32.Nh5 Ne4 33.Nf6+ Nxf6 34.exf6 Nc8 35.Qh7 Qf8 36.Be3 Nb6
37.Rb1 Kc8 38.Rxb5 Nd7 39.Ra5 Kc7 40.Qh4 Rc4 41.Qg3+ Qd6 42.Qxd6+ Kxd6 43.fxe6 fxe6
44.g5 Rh4 45.Bc1 Kc6 46.Re3 e5 47.Rf3 b6 48.Ra7 e4 49.Rf5 Rxh3 50.Bf4 Nc5
51.f7 Rf8 52.Rc7+ Kb5 53.Bd6 Ra8 54.Rxd5 e3 55.Rdxc5+ bxc5 56.f8=Q Ra2+ 57.Ke1 Ra1+  1/2-1/2

[Event "Open"]
[Site "Trinec CZE"]
[Date "2001.12.30"]
[Round "6"]
[White "Zawadzki,S"]
[Black "Kislov,M"]
[Result "0-1"]
[WhiteElo "2322"]
[BlackElo "2372"]

1.e4 e6 2.d4 d5 3.Nc3 Bb4 4.e5 Ne7 5.Nf3 c5 6.a3 Bxc3+ 7.bxc3 Qa5 8.Bd2 Nbc6
9.Be2 Qa4 10.dxc5 Ng6 11.Be3 Ngxe5 12.Nxe5 Nxe5 13.O-O O-O 14.f4 Nc4 15.Bd4 f6
16.Rb1 Qe8 17.Bxc4 dxc4 18.Qe2 Qc6 19.Rb4 Qd5 20.Qxc4 Qxc4 21.Rxc4 Bd7 22.Rb4 Bc6
23.Be3 e5 24.fxe5 fxe5 25.Rd1 Rf6 26.Rd6 Rxd6 27.cxd6 Rd8 28.Rb1 Rxd6 29.Rf1 Bb5
30.Bc5 Rd8 31.Re1 b6 32.Be3 Rc8 33.Bd2 Rc5 34.Re4 Kf7 35.Kf2 Ke6 36.Ke3 Kf5
37.Rb4 Be8 38.h3 h5 39.Kd3 Ra5 40.Bc1 Rd5+ 41.Ke2 Rc5 42.c4 Ra5 43.Rb3 Bc6
44.Rg3 g6 45.Kd3 Be4+ 46.Kc3 Rc5 47.Kb3 Rc7 48.h4 Rd7 49.Bg5 Rd1 50.Rc3 Bxg2
51.c5 bxc5 52.Rxc5 Rd7 53.Rc8 Rb7+ 54.Kc3 Be4 55.Kd2 Rb2 56.Rc3 Rb1 57.Rc7 a6
58.Rf7+ Kg4 59.Rf6 Rb2 60.Rxa6 Rxc2+ 61.Ke3 Bf5 62.a4 Rc3+ 63.Kf2 Rf3+ 64.Ke1 Ra3
65.Kf2 Rf3+ 66.Ke1 Kg3 67.Rc6 Ra3 68.Rc4 e4 69.Bf6 Kf4 70.Kf2 Ra2+ 71.Ke1 Kf3
72.Be5 Rg2  0-1

[Event "SO-ON"]
[Site "Groningen NED"]
[Date "2001.12.31"]
[Round "9"]
[White "Michiels,B"]
[Black "Jens,J"]
[Result "1/2-1/2"]
[WhiteElo "2159"]
[BlackElo "2318"]

1.e4 e6 2.d4 d5 3.Nc3 Bb4 4.e5 Ne7 5.a3 Bxc3+ 6.bxc3 c5 7.Qg4 O-O 8.Bd3 f5
9.exf6 Rxf6 10.Bg5 Rf7 11.Qh5 g6 12.Qd1 Nbc6 13.Nf3 Qf8 14.O-O c4 15.Be2 h6
16.Bc1 Bd7 17.a4 Qg7 18.Qd2 Kh7 19.Ba3 g5 20.Bd6 Nf5 21.Be5 Qg6 22.Bc7 g4
23.Ne5 Nxe5 24.Bxe5 Nh4 25.Bg3 Nf5 26.Be5 Nh4 27.Bg3 Nf5 28.Be5  1/2-1/2

[Event "Troll Masters"]
[Site "Gausdal NOR"]
[Date "2002.01.08"]
[Round "5"]
[White "Karlsen,T"]
[Black "Fant,G"]
[Result "1-0"]
[WhiteElo "2108"]
[BlackElo "2043"]

1.e4 e6 2.d4 d5 3.Nc3 Bb4 4.e5 b6 5.Qg4 Bf8 6.Be3 h5 7.Qh3 Ba6 8.Nge2 Ne7
9.g4 h4 10.O-O-O Ng6 11.f4 Be7 12.Rg1 Bc4 13.Kb1 a5 14.f5 Nf8 15.g5 exf5
16.Nf4 Bxf1 17.Rdxf1 c6 18.g6 f6 19.Qxf5 Qd7 20.e6 Qb7 21.Nh5 Rg8 22.Bh6 Na6
23.Nxg7+ Kd8 24.Nh5 Nc7 25.Nxf6  1-0

[Event "ch-AUS"]
[Site "Melbourne AUS"]
[Date "2002.01.08"]
[Round "10"]
[White "Zhao Zong Yuan"]
[Black "Johansen,D"]
[Result "0-1"]
[WhiteElo "2387"]
[BlackElo "2524"]

1.e4 e6 2.d4 d5 3.Nc3 Bb4 4.e5 b6 5.Qg4 Bf8 6.Bg5 Qd7 7.Nf3 h6 8.Be3 Ne7
9.h4 h5 10.Qf4 Ba6 11.Bxa6 Nxa6 12.O-O Nb4 13.Rac1 Nf5 14.a3 Nc6 15.Ne2 Nce7
16.c4 c6 17.cxd5 cxd5 18.Nc3 Ng6 19.Qh2 Be7 20.Bg5 O-O 21.Ne2 Rfc8 22.Ng3 Rxc1
23.Rxc1 Rc8 24.Re1 Bxg5 25.hxg5 Nxg3 26.fxg3 Qb5 27.b4 Qd3 28.Qxh5 Qxa3 29.b5 Rc2
30.Qh3 Qb2 31.Rf1 Qxb5 32.Ne1 Rc1 33.g4 Qe2  0-1

[Event "TCh-FIN 2001-02"]
[Site "FIN"]
[Date "2002.01.19"]
[Round "6"]
[White "Pulkkinen,K"]
[Black "Tolonen,L"]
[Result "0-1"]
[WhiteElo "2317"]
[BlackElo "2332"]

1.e4 e6 2.d4 d5 3.Nc3 Bb4 4.e5 Qd7 5.a3 Bxc3+ 6.bxc3 b6 7.a4 Ba6 8.Bxa6 Nxa6
9.Qg4 f5 10.Qe2 Nb8 11.a5 Nc6 12.axb6 cxb6 13.Nh3 Nge7 14.Qh5+ Ng6 15.O-O Na5
16.Ba3 Nc4 17.Ng5 O-O-O 18.Bc1 Kb7 19.Nxh7 Qe8 20.Re1 Rc8 21.h3 a5 22.Ba3 Nd2
23.f3 Rxc3 24.Bd6 Nf4 25.Qxe8 Rxe8 26.Ng5 Rxc2 27.g3 Nh5 28.g4 Ng3 29.f4 fxg4
30.Ra3 Nh5 31.hxg4 Nxf4 32.Nh3 Nxh3+ 33.Rxh3 Kc6 34.Rd1 Nc4 35.Rh7 Rg8 36.Rf1 Nxd6
37.exd6 Kxd6 38.Rf7 Rd2 39.Rhxg7 Rxg7 40.Rxg7 Rxd4 41.Kf2 e5 42.Ke3 Rb4 43.g5 Ke6  0-1